00502nam a2200169Ia 4500008004100000082001300041100003100054245004000085250000800125260002900133300000800162500002400170650001200194942000700206952010200213999001700315230524s9999 xx 000 0 und d a530bPAL aPallab Bhatacharaya915584 0aSemiconductor Optoelectronic Device a2ND aNEW DELHIbPearsonc2001 a269 aQuantity Number: 1 aPhysics cBK 00104070aTATCLbTATCLcGENd2023-05-24l0o530 PALp6220r2023-05-24w2023-05-24yBKzBSCP1207 c23539d23539